Score 0/11 Timer 01:30
1 Play Today
President % Correct
George W. Bush
94.9%
George H. W. Bush
94.9%
Donald Trump
76.9%
Gerald Ford
76.4%
William Howard Taft
75.3%
John Adams
75%
John Quincy Adams
75%
James K. Polk
73.6%
Ulysses S. Grant
64.3%
Andrew Johnson
48.7%
Lyndon B. Johnson
48.7%
Remove Ads.
Support Sporcle.
Get the best of Sporcle when you Go Orange. This ad-free experience offers more features, more stats, and more fun while also helping to support Sporcle. Thank you for becoming a member.

You're not logged in!

Compare scores with friends on all Sporcle quizzes.
OR
Log In

Show Comments

Extras

Top Quizzes Today


Score Distribution

Your Account Isn't Verified!

In order to create a playlist on Sporcle, you need to verify the email address you used during registration. Go to your Sporcle Settings to finish the process.

Report this User

Report this user for behavior that violates our Community Guidelines.

Details: